<?xml version="1.0" encoding="UTF-8"?>
<record
    xmlns:xsi="http://www.w3.org/2001/XMLSchema-instance"
    xsi:schemaLocation="http://www.loc.gov/MARC21/slim http://www.loc.gov/standards/marcxml/schema/MARC21slim.xsd"
    xmlns="http://www.loc.gov/MARC21/slim">

  <leader>02400agaaa2200349   4500</leader>
  <controlfield tag="001">4781</controlfield>
  <controlfield tag="003">IT-RoPAU</controlfield>
  <controlfield tag="005">20220918181223.0</controlfield>
  <controlfield tag="007">d cvaizq</controlfield>
  <controlfield tag="008">50131s9999||||xx ||| |     ||   ||und||</controlfield>
  <datafield tag="040" ind1=" " ind2=" ">
    <subfield code="a">IT-RoPAU</subfield>
    <subfield code="c">IT-RoPAU</subfield>
  </datafield>
  <datafield tag="041" ind1=" " ind2=" ">
    <subfield code="a">ITALIANO</subfield>
  </datafield>
  <datafield tag="100" ind1=" " ind2=" ">
    <subfield code="a">Bunuel Luis</subfield>
    <subfield code="g">Codice regista SPICS: 8694</subfield>
    <subfield code="9">36748</subfield>
  </datafield>
  <datafield tag="130" ind1=" " ind2=" ">
    <subfield code="a">NAZARIN</subfield>
    <subfield code="9">36749</subfield>
  </datafield>
  <datafield tag="240" ind1=" " ind2=" ">
    <subfield code="a">NAZARIN</subfield>
    <subfield code="g">T1228</subfield>
  </datafield>
  <datafield tag="245" ind1=" " ind2=" ">
    <subfield code="a">NAZARIN</subfield>
    <subfield code="c">Prodotto da: Amerigo Federico -- Sceneggiatura: Alejandro Julio Bunuel Luis Carballido Emilio -- Diretto da: Bunuel Luis</subfield>
    <subfield code="p">NAZARIN (Rif. Codice opera principale : H4781)</subfield>
  </datafield>
  <datafield tag="246" ind1=" " ind2=" ">
    <subfield code="a">NAZARIN</subfield>
  </datafield>
  <datafield tag="250" ind1=" " ind2=" ">
    <subfield code="a">Edizione Standard</subfield>
  </datafield>
  <datafield tag="260" ind1=" " ind2=" ">
    <subfield code="a">MESSICO (MESSICO)</subfield>
    <subfield code="b">BARBACHANOPONCE / Distribuzione: MULTIMEDIA SAN PAOLO</subfield>
    <subfield code="g">"1959 (1&#xB0; ed.: 2004 ; Ed. Lingua Orig.: 1959)"</subfield>
  </datafield>
  <datafield tag="300" ind1=" " ind2=" ">
    <subfield code="a">DVD</subfield>
    <subfield code="b">sonoro, col.</subfield>
    <subfield code="c">90 minuti</subfield>
  </datafield>
  <datafield tag="508" ind1=" " ind2=" ">
    <subfield code="a">"Fotografia: Figueroa Grabriel; Montaggio: Savage Carlos; Musica: Alffter Rodolfo; Sceneggiatura: Alejandro Julio Bunuel Luis Carballido Emilio; Scenografia: Fitzgerald Edward; Soggetto: Bunuel Luis -- Perez Galdos Benito"</subfield>
  </datafield>
  <datafield tag="511" ind1=" " ind2=" ">
    <subfield code="a">"Rabal Francisco; Lopez Marga; Macedo Rita; Fernandez Jesus; Lopez; Tarso Ignacio; Cast"</subfield>
  </datafield>
  <datafield tag="520" ind1=" " ind2=" ">
    <subfield code="a">"NAZARIN E' UN PRETE CHE VIVE LA SUA MISSIONE CON UMILTA' TRA I POVERI. A MODO SUO E' UN PROFETA, UN IDEALISTA CHE CERCA DI REALIZZARE IN TERRA L'IDEALE DI BONTA' E DI CARITA' DI CRISTO. SI UNISCONO A LUI, ATTRATTE DAL SUO CARISMA, DUE DONNE CHE LO SEGUONO NELLA PEREGRINAZIONE: ANDARA, UNA PROSTITUTA E BEATRIZ, UNA DONNA ""SCHIAVA D'AMORE"". MA ""IL MONDO"", CIOE' IL POTERE CIVILE COME QUELLO ECCLESIASTICO, NON CAPISCE NAZARIN, CHE VIENE CONDANNATO EFINISCE IN CARCERE. QUI NAZARIN SOPPORTA UMILIAZIONI, BOTTE E CALUNNIE; QUINDI VIENE LASCIATO SOLO.EXTRA: BIOGRAFIE E FILMOGRAFIA ESSENZIALE DEL REGISTA E DEGLI ATTORI PRINCIPALI; SCHEDA CRITICA DI FERNALDO DI GIAMMATTEO; TRAILER.SULLO STESSO DVD ANCHE IL LUNGOMETRAGGIO ""SIMON DEL DESERTO""."</subfield>
  </datafield>
  <datafield tag="538" ind1=" " ind2=" ">
    <subfield code="a">PAL, STEREO</subfield>
  </datafield>
  <datafield tag="546" ind1=" " ind2=" ">
    <subfield code="a">ITALIANO</subfield>
  </datafield>
  <datafield tag="650" ind1=" " ind2=" ">
    <subfield code="a">DRAMMATICO</subfield>
    <subfield code="e">DVD-FILM [DVD]</subfield>
    <subfield code="x">Codice MATERIA SPICS: 9947</subfield>
    <subfield code="9">36750</subfield>
  </datafield>
  <datafield tag="700" ind1=" " ind2=" ">
    <subfield code="a">Alffter Rodolfo</subfield>
    <subfield code="e">(musica)</subfield>
    <subfield code="g">Codice Musica SPICS: 57812</subfield>
    <subfield code="9">36751</subfield>
  </datafield>
  <datafield tag="700" ind1=" " ind2=" ">
    <subfield code="a">Bunuel Luis </subfield>
    <subfield code="e">(regista)</subfield>
    <subfield code="g">Codice regista SPICS: 8694</subfield>
    <subfield code="9">36752</subfield>
  </datafield>
  <datafield tag="700" ind1=" " ind2=" ">
    <subfield code="a">Bunuel Luis </subfield>
    <subfield code="e">(soggetto)</subfield>
    <subfield code="g">Codice Soggetto SPICS: 8694</subfield>
    <subfield code="9">36753</subfield>
  </datafield>
  <datafield tag="700" ind1=" " ind2=" ">
    <subfield code="a">Perez Galdos Benito </subfield>
    <subfield code="e">(soggetto)</subfield>
    <subfield code="g">Codice Soggetto 2&#xB0; SPICS: 57811</subfield>
    <subfield code="9">36754</subfield>
  </datafield>
  <datafield tag="942" ind1=" " ind2=" ">
    <subfield code="c">DV</subfield>
    <subfield code="2">ddc</subfield>
  </datafield>
  <datafield tag="999" ind1=" " ind2=" ">
    <subfield code="c">104623</subfield>
    <subfield code="d">104623</subfield>
  </datafield>
  <datafield tag="952" ind1=" " ind2=" ">
    <subfield code="0">0</subfield>
    <subfield code="1">0</subfield>
    <subfield code="4">0</subfield>
    <subfield code="6">H_4781_000000000000000</subfield>
    <subfield code="7">1</subfield>
    <subfield code="a">SPICS</subfield>
    <subfield code="b">SPICS</subfield>
    <subfield code="d">2015-01-31</subfield>
    <subfield code="l">0</subfield>
    <subfield code="o">H4781</subfield>
    <subfield code="r">2015-01-31 00:00:00</subfield>
    <subfield code="w">2015-01-31</subfield>
    <subfield code="y">DV</subfield>
    <subfield code="z">Progr. Ins.: 3144 / N.Vol.:1 / Copie: 1 / Pag.:0 / Copia rara: n.d. / date import: 1.2.2015 / By Epidotti, Trombetti, Vaglietti</subfield>
  </datafield>
</record>
